| 000 | 00743nam a2200241 a 4500 | ||
|---|---|---|---|
| 008 | |||
| 020 | _a0824779428 (cased) | ||
| 049 | _aMAIN | ||
| 090 | _aQA166.25 | ||
| 100 | 1 | _aWallis, W. D. | |
| 245 | 1 | 0 |
_aCombinatorial designs / _cW. D. Wallis. |
| 260 |
_aNew York : _bMarcel Dekker, _cc1988. |
||
| 300 |
_avii, 329 p. ; _c24 cm. |
||
| 440 | 1 |
_aPure and applied mathematics ; _vv. 118 |
|
| 500 | _aIncludes indexes. | ||
| 650 | 0 | _aCombinatorial designs and configurations. | |
| 830 | 0 |
_aMonographs and textbooks in pure and applied mathematics ; _v118. |
|
| 907 |
_a.b10046410 _b08-10-03 _c17-04-03 |
||
| 003 | |||
| 005 | 20230123133217.0 | ||
| 040 | _cNUST | ||
| 942 |
_cBOOKS _kQA166.25 |
||
| 999 |
_c144662 _d144662 |
||